[Event "ODJM B 2015"]
[Site "Willingen GER"]
[Date "2015.05.26"]
[Round "4"]
[White "Arnold, Alexandria"]
[Black "Prudlik, Finn Olmse"]
[Result "1-0"]
[Termination "normal"]
[Board "27"]
[WhiteElo "1174"]
[BlackElo "948"]
[PlyCount "49"]
[WhiteFideId "16205383"]
[BlackFideId "16209923"]
[EventCountry "GER"]
[EventRounds "9"]
[EventType "swiss"]
[EventDate "2015.05.23"]

1. e4 e5 2. Nf3 Nc6 3. Bc4 Nf6 4. d3 Be7 5. c3 d6 6. h3 O-O 7. Bb3 Na5 8. Bc2
c6 9. O-O c5 10. Nbd2 Qc7 11. Re1 Re8 12. Nf1 b5 13. a3 a6 14. Ng3 c4 15. d4
Rd8 16. d5 Rb8 17. Nh4 Ng4 18. Nhf5 Nf6 19. Bg5 h6 20. Bh4 g5 21. Nxh6+ Kf8 22.
Bxg5 Ke8 23. Qf3 Nh7 24. Qxf7+ Kd7 25. Qxe7# 1-0

[Event "ODJM B 2015"]
[Site "Willingen GER"]
[Date "2015.05.26"]
[Round "4"]
[White "Theile, Cedric"]
[Black "Lohrmann, Linus"]
[Result "1-0"]
[Termination "normal"]
[Board "28"]
[WhiteElo "1116"]
[BlackElo "911"]
[PlyCount "109"]
[WhiteFideId "16283228"]
[BlackFideId "12982857"]
[EventCountry "GER"]
[EventRounds "9"]
[EventType "swiss"]
[EventDate "2015.05.23"]

1. e4 e5 2. Nf3 Nc6 3. Bc4 Bc5 4. Nc3 Nf6 5. d3 d6 6. h3 h6 7. O-O g5 8. Bxg5
hxg5 9. Nxg5 Rg8 10. Bxf7+ Kf8 11. Bxg8 Kxg8 12. Qf3 Nd4 13. Qg3 Kf8 14. Rac1
Bb4 15. Qe3 Bc5 16. Kh1 Nb3 17. Qf3 Nd2 18. Nh7+ Kg7 19. Qxf6+ Qxf6 20. Nxf6
Kxf6 21. Nd5+ Kf7 22. Rfd1 Be6 23. Nxc7 Rc8 24. Nxe6 Kxe6 25. Rxd2 Rf8 26. Rf1
Be3 27. Re2 Bd4 28. c3 Bc5 29. g3 a5 30. a3 a4 31. f4 b6 32. f5+ Ke7 33. Kg2 b5
34. g4 Bb6 35. g5 Bd8 36. h4 Kd7 37. d4 exd4 38. cxd4 Ke7 39. e5 dxe5 40. dxe5
Ke8 41. e6 Rh8 42. Kg3 Bc7+ 43. Kg4 Bd8 44. f6 Rf8 45. e7 Bxe7 46. Rxe7+ Kd8
47. g6 Rxf6 48. Rxf6 Kxe7 49. Kf5 Ke8 50. Ke5 Kd7 51. g7 Ke7 52. g8=Q Kd7 53.
Qe6+ Kc7 54. Rf7+ Kd8 55. Qd7# 1-0

[Event "ODJM B 2015"]
[Site "Willingen GER"]
[Date "2015.05.26"]
[Round "4"]
[White "Winkin, Pol"]
[Black "Burdot, Louis"]
[Result "1-0"]
[Termination "normal"]
[Board "29"]
[WhiteElo "937"]
[BlackElo "1113"]
[PlyCount "91"]
[WhiteFideId "4004787"]
[BlackFideId "4004760"]
[EventCountry "GER"]
[EventRounds "9"]
[EventType "swiss"]
[EventDate "2015.05.23"]

1. d4 Nf6 2. Bf4 g6 3. Nc3 Bg7 4. e4 Nc6 5. Nf3 d6 6. e5 Ng8 7. Bb5 Bd7 8. O-O
a6 9. Bc4 Bg4 10. h3 Bf5 11. a3 Qd7 12. Kh2 Na5 13. Bd3 dxe5 14. Nxe5 Bxe5 15.
dxe5 Bxd3 16. Qxd3 Qxd3 17. cxd3 Nb3 18. Rad1 O-O-O 19. Ne4 f6 20. exf6 Nxf6
21. Bg5 Nxe4 22. dxe4 Rxd1 23. Rxd1 e6 24. Bf6 Rf8 25. Bg5 b6 26. f3 c5 27. Rd6
Kc7 28. Rxe6 Nd4 29. Re7+ Kc6 30. Rxh7 Nxf3+ 31. gxf3 Rxf3 32. Rh6 Rf2+ 33. Kg3
Rxb2 34. Rxg6+ Kb5 35. h4 c4 36. h5 Rb1 37. e5 Rg1+ 38. Kf2 Rd1 39. Rg8 c3 40.
e6 c2 41. e7 Ka4 42. e8=Q+ Kxa3 43. Qc6 Rh1 44. Qxb6 Rxh5 45. Bc1+ Ka4 46. Rg4#
1-0

[Event "ODJM B 2015"]
[Site "Willingen GER"]
[Date "2015.05.26"]
[Round "4"]
[White "Raasch, Hauke"]
[Black "Nagel, Philipp"]
[Result "1-0"]
[Termination "normal"]
[Board "30"]
[WhiteElo "1107"]
[BlackElo "761"]
[PlyCount "81"]
[WhiteFideId "16210034"]
[BlackFideId "12994715"]
[EventCountry "GER"]
[EventRounds "9"]
[EventType "swiss"]
[EventDate "2015.05.23"]

1. d4 d5 2. Nf3 Nc6 3. c3 Nf6 4. e3 Bg4 5. Be2 e6 6. Nbd2 Bd6 7. O-O Ne4 8.
Nxe4 dxe4 9. Ne5 Bxe5 10. Bxg4 Bf6 11. f3 Qd5 12. fxe4 Qxe4 13. Bf3 Qh4 14. e4
O-O 15. e5 Bg5 16. Bxg5 Qxg5 17. Qe2 Rad8 18. Rad1 a5 19. Qb5 Rb8 20. Qe2 b5
21. Bxc6 b4 22. Rf3 Rb6 23. Be4 Rfb8 24. Rg3 Qe7 25. c4 b3 26. a3 Rc8 27. Qg4
g6 28. Qg5 Qd7 29. c5 Ra6 30. Bd3 Qxd4+ 31. Qe3 Qxe3+ 32. Rxe3 Rc6 33. Rc1 Rd8
34. Bb5 Rxc5 35. Rxc5 f5 36. exf6 Kf7 37. Rxc7+ Kxf6 38. Rd7 Rc8 39. Rc3 Rf8
40. Rf3+ Ke5 41. Rxf8 1-0

[Event "ODJM B 2015"]
[Site "Willingen GER"]
[Date "2015.05.26"]
[Round "4"]
[White "Voltmer, Victor"]
[Black "Rößl, Mira"]
[Result "1-0"]
[Termination "normal"]
[Board "31"]
[WhiteElo "1104"]
[BlackElo "721"]
[PlyCount "83"]
[EventCountry "GER"]
[EventRounds "9"]
[EventType "swiss"]
[EventDate "2015.05.23"]

1. e4 e5 2. Nf3 Nc6 3. Bc4 Nf6 4. d4 d6 5. dxe5 dxe5 6. Qxd8+ Nxd8 7. Nxe5 Nxe4
8. O-O Be6 9. Re1 Nd6 10. Nc3 Bxc4 11. Nxc4+ Be7 12. Nxd6+ cxd6 13. Nd5 Nc6 14.
Nc7+ Kd7 15. Nxa8 Nb4 16. Re2 Rxa8 17. Be3 Rc8 18. c3 Nd5 19. Bxa7 Ra8 20. Bd4
Bf6 21. Bxf6 Nxf6 22. a3 Ra6 23. Rae1 Nd5 24. c4 Nf4 25. Re7+ Kc6 26. Rxf7 Ra5
27. Rxf4 Ra4 28. Re7 Rxc4 29. Rxc4+ Kd5 30. Rb4 Kc5 31. Rexb7 Kd5 32. a4 Kc5
33. a5 d5 34. a6 d4 35. Kf1 d3 36. Ke1 Kd5 37. a7 g5 38. a8=Q Kc5 39. R7b5+ Kd6
40. Qa6+ Kc7 41. Rb7+ Kc8 42. Qa8# 1-0

[Event "ODJM B 2015"]
[Site "Willingen GER"]
[Date "2015.05.26"]
[Round "4"]
[White "Winkin, Jos"]
[Black "Reyher, Bastian"]
[Result "1-0"]
[Termination "normal"]
[Board "33"]
[WhiteElo "913"]
[BlackElo "1084"]
[PlyCount "107"]
[WhiteFideId "4004795"]
[BlackFideId "12927465"]
[EventCountry "GER"]
[EventRounds "9"]
[EventType "swiss"]
[EventDate "2015.05.23"]

1. e4 e5 2. Nf3 Nc6 3. Bb5 Nf6 4. Nc3 a6 5. Bxc6 dxc6 6. O-O Bc5 7. Nxe5 Qe7 8.
Nf3 Bg4 9. d4 Bb6 10. d5 O-O-O 11. Bg5 h6 12. Bxf6 Qxf6 13. Qe2 c5 14. Rad1 Qg6
15. Kh1 h5 16. h3 f6 17. Kh2 c6 18. Rh1 Bc7+ 19. Kg1 Bd7 20. d6 Bb8 21. e5 Rhe8
22. Kh2 Re6 23. Rhe1 Rh8 24. Qf1 Ree8 25. Re2 h4 26. Qe1 f5 27. Na4 Ba7 28. Qa5
Bb8 29. Nb6+ Kd8 30. Nd5+ Kc8 31. Ne7+ Rxe7 32. dxe7 Qf6 33. Red2 Bxe5+ 34.
Nxe5 Qxe5+ 35. Kg1 Qxe7 36. Rxd7 Qxd7 37. Rxd7 Kxd7 38. Qxc5 Re8 39. Qxf5+ Re6
40. Kh2 b6 41. g3 hxg3+ 42. Kxg3 Ke7 43. Qg5+ Rf6 44. Qxg7+ Rf7 45. Qe5+ Kf8
46. Qd6+ Kg8 47. Qxc6 Rg7+ 48. Kh2 Rf7 49. Qxb6 Kg7 50. Qxa6 Rxf2+ 51. Kg3 Rf6
52. Qxf6+ Kxf6 53. a4 Ke6 54. h4 1-0

[Event "ODJM B 2015"]
[Site "Willingen GER"]
[Date "2015.05.26"]
[Round "4"]
[White "Reichel, Sara"]
[Black "Fischer, Sören"]
[Result "1-0"]
[Termination "normal"]
[Board "34"]
[WhiteElo "866"]
[BlackElo "931"]
[PlyCount "61"]
[WhiteFideId "16245130"]
[EventCountry "GER"]
[EventRounds "9"]
[EventType "swiss"]
[EventDate "2015.05.23"]

1. e4 e5 2. Nf3 d6 3. Bc4 Nf6 4. Ng5 Ng4 5. Nxf7 Qf6 6. O-O Qf4 7. g3 Qxe4 8.
d3 Qf5 9. Nxh8 Nc6 10. Nc3 Nd4 11. f4 c6 12. Ne2 Nxe2+ 13. Qxe2 d5 14. Bb3 Bc5+
15. Kh1 e4 16. dxe4 dxe4 17. Bd2 e3 18. Rae1 Qh5 19. Bf7+ Qxf7 20. Nxf7 Kxf7
21. Bc3 b5 22. b4 Nf2+ 23. Kg1 Bg4 24. Qxg4 Nxg4 25. bxc5 Re8 26. Re2 Re4 27.
Kg2 Nf6 28. Rfe1 Nd5 29. Bd2 b4 30. Kf3 Rd4 31. Bxe3 1-0

[Event "ODJM B 2015"]
[Site "Willingen GER"]
[Date "2015.05.26"]
[Round "4"]
[White "Grey, Anna"]
[Black "Schott, Jan"]
[Result "1-0"]
[Termination "normal"]
[Board "35"]
[WhiteElo "853"]
[BlackElo "907"]
[PlyCount "75"]
[WhiteFideId "16226917"]
[EventCountry "GER"]
[EventRounds "9"]
[EventType "swiss"]
[EventDate "2015.05.23"]

1. c4 e5 2. e4 Bc5 3. Nf3 d6 4. Nc3 Nf6 5. Be2 Nc6 6. a3 a6 7. b4 Ba7 8. Bb2
Be6 9. d3 Qd7 10. O-O O-O-O 11. Qc2 h6 12. Rad1 Nd4 13. Nxd4 exd4 14. Nb1 Kb8
15. Nd2 Rdg8 16. Nf3 g5 17. Nxd4 Bxd4 18. Bxd4 Qe7 19. Qc3 Nxe4 20. dxe4 Rh7
21. Rc1 Rc8 22. Be3 Rhh8 23. Qd4 c5 24. Qd3 Rhd8 25. Rfd1 Ka8 26. Qc3 f5 27.
exf5 Bxf5 28. Bd3 Bxd3 29. Qxd3 Kb8 30. Rc2 Ka8 31. Rcd2 Rc6 32. f3 Kb8 33. Bf2
b6 34. Bg3 Ka7 35. Qc2 Kb7 36. Rd3 Ka7 37. R1d2 Kb7 38. Qd1 1-0

[Event "ODJM B 2015"]
[Site "Willingen GER"]
[Date "2015.05.26"]
[Round "4"]
[White "Semukhin, Sophia"]
[Black "Jacoby, Angelina"]
[Result "1/2-1/2"]
[Termination "normal"]
[Board "36"]
[WhiteElo "798"]
[BlackElo "886"]
[PlyCount "149"]
[BlackFideId "12999008"]
[EventCountry "GER"]
[EventRounds "9"]
[EventType "swiss"]
[EventDate "2015.05.23"]

1. e4 d5 2. exd5 Qxd5 3. Nc3 Qa5 4. Bb5+ c6 5. Bc4 Bf5 6. d3 e6 7. Nf3 Nd7 8.
Bd2 Qc7 9. O-O Bd6 10. g3 Bg4 11. Ne4 Ne5 12. Neg5 Be7 13. Bf4 Bxg5 14. Bxe5
Bxf3 15. Bxc7 Bxd1 16. Rfxd1 Nf6 17. Be5 O-O 18. Bxf6 Bxf6 19. c3 Rad8 20. d4
Rd7 21. Rd2 Rfd8 22. Rad1 b5 23. Bb3 a5 24. a4 b4 25. f4 bxc3 26. bxc3 g5 27.
h3 gxf4 28. gxf4 Rb7 29. Bc4 Rdb8 30. Ba2 Rb2 31. Rxb2 Rxb2 32. Bc4 Bh4 33. Rf1
Rc2 34. Rf3 Be1 35. Bd3 Rxc3 36. Be4 Rc4 37. Kf1 Rxd4 38. Bxc6 Bh4 39. f5 exf5
40. Rxf5 Rd6 41. Be8 Rf6 42. Rxf6 Bxf6 43. Kg2 Kg7 44. Kg3 h6 45. Kg4 Kg6 46.
h4 h5+ 47. Kh3 Be5 48. Bc6 f6 49. Be4+ f5 50. Bf3 f4 51. Be4+ Kh6 52. Bf3 Kg6
53. Be4+ Kf6 54. Bf3 Kf5 55. Bxh5 Ke4 56. Bg6+ Ke3 57. Be8 f3 58. Bb5 f2 59.
Kg4 Kd2 60. h5 Ke1 61. Kg5 f1=Q 62. Bxf1 Kxf1 63. Kg6 Ke2 64. Kf5 Bb2 65. Ke4
Kd2 66. Kd5 Kc3 67. Kc5 Kb3 68. Kb5 Bc3 69. h6 Ka3 70. h7 Kb3 71. h8=Q Bxh8 72.
Kxa5 Bc3+ 73. Kb5 Bb4 74. a5 Bxa5 75. Kxa5 1/2-1/2

[Event "ODJM B 2015"]
[Site "Willingen GER"]
[Date "2015.05.26"]
[Round "5"]
[White "Lommel, Hagen"]
[Black "Morio, Estelle"]
[Result "0-1"]
[Termination "normal"]
[Board "1"]
[WhiteElo "1561"]
[BlackElo "1685"]
[WhiteClock "00:28:56"]
[BlackClock "00:40:53"]
[PlyCount "54"]
[WhiteFideId "12972380"]
[BlackFideId "12951951"]
[EventCountry "GER"]
[EventRounds "9"]
[EventType "swiss"]
[EventDate "2015.05.23"]

1. e4 d6 2. d4 Nf6 3. Nc3 Nbd7 4. Nf3 e5 5. Bd3 Be7 6. O-O O-O 7. h3 c6 8. a4
a5 9. Be3 Re8 10. Qe2 Qc7 11. dxe5 dxe5 12. Rfd1 Nc5 13. b3 h6 14. Bxc5 Bxc5
15. Bc4 Be6 16. Rd2 Bb4 17. Rd3 Bxc4 18. bxc4 Nh5 19. g3 Qc8 20. Kh2 Nf6 21.
Rad1 Qe6 22. Kg2 Qxc4 23. Nxe5 Qc5 24. Nd7 Nxd7 25. Rxd7 Qxc3 26. Qh5 Qf6 27.
Rxb7 Rxe4 0-1

[Event "ODJM B 2015"]
[Site "Willingen GER"]
[Date "2015.05.26"]
[Round "5"]
[White "Thumm, Niklas"]
[Black "Rose, Luis Stratos"]
[Result "1-0"]
[Termination "normal"]
[Board "2"]
[WhiteElo "1510"]
[BlackElo "1385"]
[WhiteClock "00:33:41"]
[BlackClock "00:09:45"]
[PlyCount "67"]
[WhiteFideId "12918733"]
[BlackFideId "12976008"]
[EventCountry "GER"]
[EventRounds "9"]
[EventType "swiss"]
[EventDate "2015.05.23"]

1. e4 g6 2. d4 d6 3. Nc3 Bg7 4. Bg5 Nf6 5. e5 dxe5 6. dxe5 Qxd1+ 7. Rxd1 Ng4 8.
h3 h6 9. Bf4 g5 10. Bg3 Nxf2 11. Kxf2 c6 12. Bc4 O-O 13. Nf3 Bf5 14. Nd4 Bg6
15. Bd3 Nd7 16. Rhe1 Rad8 17. Nf5 Bxf5 18. Bxf5 Nb6 19. Rxd8 Rxd8 20. Bd3 Nd5
21. Ne2 Nb4 22. Be4 Rd2 23. Ke3 Rxc2 24. Bxc2 Nxc2+ 25. Ke4 Nxe1 26. Bxe1 f6
27. Nd4 fxe5 28. Ne6 b6 29. Nxg7 Kxg7 30. Kxe5 Kf7 31. b4 a6 32. Bf2 a5 33.
Bxb6 axb4 34. Bc5 1-0

[Event "ODJM B 2015"]
[Site "Willingen GER"]
[Date "2015.05.26"]
[Round "5"]
[White "Wachinger, Nikolas"]
[Black "Fromm, Johannes"]
[Result "1-0"]
[Termination "normal"]
[Board "3"]
[WhiteElo "1299"]
[BlackElo "1454"]
[WhiteClock "00:15:35"]
[BlackClock "00:39:55"]
[PlyCount "55"]
[WhiteFideId "12962791"]
[BlackFideId "12993204"]
[EventCountry "GER"]
[EventRounds "9"]
[EventType "swiss"]
[EventDate "2015.05.23"]

1. e4 d6 2. d4 Nf6 3. Nc3 g6 4. f4 Bg7 5. Nf3 O-O 6. e5 dxe5 7. fxe5 Nd5 8. Bc4
Nxc3 9. bxc3 Kh8 10. O-O f6 11. e6 a5 12. Re1 Na6 13. Bd3 c6 14. Nh4 f5 15. Nf3
Bf6 16. Bg5 Nc7 17. Bxf6+ Rxf6 18. Qd2 Kg7 19. a4 Bxe6 20. Rab1 Rb8 21. c4 b6
22. Ne5 Qxd4+ 23. Kh1 Qc5 24. Qf4 Rd8 25. Nxg6 Rxg6 26. Qxc7 Qf2 27. Re2 Rd7
28. Qe5+ 1-0

[Event "ODJM B 2015"]
[Site "Willingen GER"]
[Date "2015.05.26"]
[Round "5"]
[White "Frohnhäuser, Simon"]
[Black "Lange, Cecilia"]
[Result "0-1"]
[Termination "normal"]
[Board "4"]
[WhiteElo "1548"]
[BlackElo "1597"]
[WhiteClock "00:08:06"]
[BlackClock "00:30:52"]
[PlyCount "82"]
[WhiteFideId "16208528"]
[BlackFideId "12976040"]
[EventCountry "GER"]
[EventRounds "9"]
[EventType "swiss"]
[EventDate "2015.05.23"]

1. e4 c6 2. Nc3 d5 3. Nf3 dxe4 4. Nxe4 Nd7 5. d4 Ngf6 6. Ng3 e6 7. Bd3 Be7 8.
Qe2 O-O 9. c3 c5 10. O-O b6 11. Re1 Bb7 12. Ne4 Qc7 13. Nxf6+ Nxf6 14. dxc5
Bxc5 15. Bg5 Nd5 16. Qe4 g6 17. Qh4 Be7 18. c4 Bxg5 19. Nxg5 Nf6 20. Re3 Qc6
21. Bf1 Kg7 22. Nf3 Qc5 23. Ne5 Rad8 24. Nd3 Qd4 25. Qxd4 Rxd4 26. Ne5 Rfd8 27.
Rd3 Rxd3 28. Nxd3 Ne4 29. Rc1 Nd2 30. Rc3 Be4 31. Nb4 Nxf1 32. Kxf1 Rd1+ 33.
Ke2 Rb1 34. Rb3 Bxg2 35. Kd2 Bf1 36. Nc2 Bxc4 37. Rb4 Bxa2 38. Na3 Rf1 39. Ke2
Rh1 40. Nc2 Rxh2 41. Ra4 Bb3 0-1

[Event "ODJM B 2015"]
[Site "Willingen GER"]
[Date "2015.05.26"]
[Round "5"]
[White "Arnold, Leander"]
[Black "Yi, Wendy"]
[Result "1-0"]
[Termination "normal"]
[Board "5"]
[WhiteElo "1562"]
[BlackElo "1401"]
[WhiteClock "00:02:33"]
[BlackClock "00:21:23"]
[PlyCount "101"]
[WhiteFideId "12990230"]
[BlackFideId "16224850"]
[EventCountry "GER"]
[EventRounds "9"]
[EventType "swiss"]
[EventDate "2015.05.23"]

1. e4 e5 2. Bc4 Bc5 3. c3 Nc6 4. Bb3 d6 5. d3 Nf6 6. h3 h6 7. Nf3 O-O 8. O-O d5
9. exd5 Nxd5 10. Re1 Qd6 11. Nbd2 Nf4 12. Ne4 Qe7 13. Ng3 Qf6 14. Ne4 Qe7 15.
Ba4 Bb6 16. Ng3 Qf6 17. Bxc6 bxc6 18. Rxe5 Ng6 19. Re1 Nh4 20. Be3 Nxf3+ 21.
Qxf3 Qxf3 22. gxf3 Bxh3 23. Kh2 Bd7 24. Rg1 Kh7 25. Nh5 Rg8 26. Rg3 Bf5 27.
Rag1 Bxd3 28. Rxg7+ Kh8 29. Bf4 Rxg7 30. Be5 Bg6 31. Nxg7 Kh7 32. f4 f5 33.
Nxf5 Bxf5 34. Rg7+ Kh8 35. Rf7+ Kg8 36. Rxf5 Rf8 37. Rxf8+ Kxf8 38. Kg3 Kf7 39.
f5 Bc5 40. f4 Bd6 41. b4 a6 42. Kh4 Kf8 43. Kh5 Kf7 44. Kxh6 Kf8 45. Bxd6+ cxd6
46. Kg6 c5 47. bxc5 dxc5 48. Kf6 c4 49. a3 a5 50. a4 Ke8 51. Kg7 1-0

[Event "ODJM B 2015"]
[Site "Willingen GER"]
[Date "2015.05.26"]
[Round "5"]
[White "Feil, Alexander"]
[Black "Bilau, Max"]
[Result "0-1"]
[Termination "normal"]
[Board "6"]
[WhiteElo "1378"]
[BlackElo "1640"]
[WhiteClock "00:05:45"]
[BlackClock "00:38:04"]
[PlyCount "70"]
[WhiteFideId "4002954"]
[BlackFideId "12974838"]
[EventCountry "GER"]
[EventRounds "9"]
[EventType "swiss"]
[EventDate "2015.05.23"]

1. e4 d5 2. exd5 Qxd5 3. Nc3 Qa5 4. d4 Nf6 5. Nf3 Nc6 6. Bb5 Bd7 7. O-O O-O-O
8. h3 h6 9. Re1 g5 10. Nh2 a6 11. Bc4 Be8 12. d5 Nb4 13. Be3 Nbxd5 14. Nxd5
Nxd5 15. Qf3 Nxe3 16. Qxe3 Kb8 17. a3 e6 18. b4 Qf5 19. c3 Bg7 20. Rac1 Bc6 21.
f3 Rd6 22. g4 Qf6 23. Kg2 Rhd8 24. Nf1 Bd5 25. Be2 Qe7 26. Ng3 Bc6 27. Nf5 Qf8
28. Nxd6 cxd6 29. Red1 Kc7 30. Rd2 e5 31. Bf1 f5 32. Kg3 f4+ 33. Kg2 fxe3 34.
Re2 Bxf3+ 35. Kg3 Qf4# 0-1

[Event "ODJM B 2015"]
[Site "Willingen GER"]
[Date "2015.05.26"]
[Round "5"]
[White "Von Jan, Lena"]
[Black "Rapp, Lukas"]
[Result "1-0"]
[Termination "normal"]
[Board "7"]
[WhiteElo "1364"]
[BlackElo "1627"]
[PlyCount "105"]
[WhiteFideId "12946060"]
[BlackFideId "12989320"]
[EventCountry "GER"]
[EventRounds "9"]
[EventType "swiss"]
[EventDate "2015.05.23"]

1. e4 c5 2. Nf3 d6 3. d4 cxd4 4. Nxd4 Nf6 5. Nc3 a6 6. f3 e5 7. Nb3 Be6 8. Be3
Be7 9. Qd2 Nbd7 10. O-O-O O-O 11. h3 b5 12. g4 b4 13. Nd5 Bxd5 14. exd5 a5 15.
h4 a4 16. Na1 Qa5 17. Bc4 Nb6 18. Bxb6 Qxb6 19. a3 bxa3 20. bxa3 Rfb8 21. Qc3
Bd8 22. Ba2 Qb5 23. Bc4 Qb1+ 24. Kd2 Qb2 25. Qxb2 Rxb2 26. Kd3 Rab8 27. Kd2 Bb6
28. Kd3 Bd4 29. h5 Nd7 30. Kd2 Nc5 31. Rhf1 e4 32. fxe4 Nxe4+ 33. Kd3 Nf2+ 34.
Kxd4 Nxd1 35. Rxd1 Rb1 36. Rxb1 Rxb1 37. Nb3 axb3 38. cxb3 Rg1 39. Be2 Rg2 40.
Bf3 Rd2+ 41. Kc3 Rf2 42. Bd1 Kf8 43. a4 Ke7 44. b4 Kd8 45. a5 Kc7 46. Kc4 Rf4+
47. Kc3 h6 48. Be2 Kb7 49. Bd1 Ka6 50. Be2+ Kb7 51. Bd1 Re4 52. b5 Ra4 53. Bxa4
1-0

[Event "ODJM B 2015"]
[Site "Willingen GER"]
[Date "2015.05.26"]
[Round "5"]
[White "Caliebe, Nanke"]
[Black "Kose, Robert Paul"]
[Result "0-1"]
[Termination "normal"]
[Board "8"]
[WhiteElo "1502"]
[BlackElo "1453"]
[PlyCount "62"]
[WhiteFideId "12980528"]
[BlackFideId "12982067"]
[EventCountry "GER"]
[EventRounds "9"]
[EventType "swiss"]
[EventDate "2015.05.23"]

1. d4 d5 2. c4 c6 3. Nc3 Nf6 4. Nf3 dxc4 5. e4 b5 6. Bg5 b4 7. Na4 Nxe4 8. Bxc4
Nxg5 9. Nxg5 e6 10. Qf3 Qxg5 11. O-O Bd6 12. Qe4 Qg6 13. Qf3 O-O 14. Nc5 Qf5
15. Qe3 Qf4 16. Qxf4 Bxf4 17. Nd3 Bd6 18. Rac1 Bb7 19. Bb3 Nd7 20. Ba4 Rac8 21.
Rfd1 Nb6 22. Bb3 a5 23. Nc5 Bxc5 24. Rxc5 a4 25. Bc2 Rfd8 26. Be4 Nd5 27. Rdc1
g6 28. R1c4 a3 29. Bxd5 axb2 30. Rxb4 Rxd5 31. Rc2 Rxd4 0-1

[Event "ODJM B 2015"]
[Site "Willingen GER"]
[Date "2015.05.26"]
[Round "5"]
[White "Kublanov, Carolin"]
[Black "Zell, Mirjam"]
[Result "1-0"]
[Termination "normal"]
[Board "9"]
[WhiteElo "1607"]
[BlackElo "1336"]
[PlyCount "49"]
[WhiteFideId "12944548"]
[BlackFideId "16208544"]
[EventCountry "GER"]
[EventRounds "9"]
[EventType "swiss"]
[EventDate "2015.05.23"]

1. d4 d5 2. Nf3 e6 3. e3 Nf6 4. Bd3 Be7 5. O-O O-O 6. b3 b6 7. Bb2 c5 8. Ne5
Nbd7 9. Nd2 Nxe5 10. dxe5 Nd7 11. f4 Bb7 12. Qh5 h6 13. Rf3 Kh8 14. Rh3 Rg8 15.
Qxf7 Nf8 16. f5 exf5 17. e6 d4 18. exd4 cxd4 19. Bxf5 Rb8 20. Nf3 Bf6 21. Rd1
Qe7 22. Bxd4 Rd8 23. Rxh6+ gxh6 24. Bxf6+ Qxf6 25. Qxf6+ 1-0

[Event "ODJM B 2015"]
[Site "Willingen GER"]
[Date "2015.05.26"]
[Round "5"]
[White "Zimmer, Claudius"]
[Black "Schluckner, Paul-Leopold"]
[Result "0-1"]
[Termination "normal"]
[Board "10"]
[WhiteElo "1105"]
[BlackElo "1404"]
[PlyCount "86"]
[BlackFideId "12952168"]
[EventCountry "GER"]
[EventRounds "9"]
[EventType "swiss"]
[EventDate "2015.05.23"]

1. e4 e5 2. Nf3 Nc6 3. d4 exd4 4. Bc4 Bc5 5. c3 dxc3 6. Bxf7+ Kf8 7. Qd5 cxb2
8. Bxg8 bxc1=Q+ 9. Ke2 Qc2+ 10. Nbd2 Rxg8 11. Rac1 Qxc1 12. Rxc1 d6 13. e5 Qe7
14. Ne4 Be6 15. exd6 Bxd6 16. Qd3 Bf5 17. Nfd2 Re8 18. f3 Bf4 19. Rc4 Ne5 20.
Qc3 Nxc4 21. Qxc4 Rd8 22. Kd1 Bxe4 23. fxe4 Rxd2+ 24. Ke1 c5 25. g3 Rd4 26. Qc2
Qxe4+ 27. Qxe4 Rxe4+ 28. Kf2 Bd6 29. Kf3 Rd4 30. Ke3 Ke7 31. a3 Kd7 32. a4 Re8+
33. Kf3 Rd3+ 34. Kf2 c4 35. a5 Bc5+ 36. Kg2 Re2+ 37. Kh3 Rd6 38. a6 Rh6+ 39.
Kg4 bxa6 40. h4 Rg6+ 41. Kh3 Bd6 42. h5 Rxg3+ 43. Kh4 Rh2# 0-1

[Event "ODJM B 2015"]
[Site "Willingen GER"]
[Date "2015.05.26"]
[Round "5"]
[White "Fromm, Marius"]
[Black "Petri, Ben-Luca"]
[Result "1/2-1/2"]
[Termination "normal"]
[Board "11"]
[WhiteElo "1328"]
[BlackElo "1481"]
[PlyCount "105"]
[WhiteFideId "12993190"]
[BlackFideId "12947261"]
[EventCountry "GER"]
[EventRounds "9"]
[EventType "swiss"]
[EventDate "2015.05.23"]

1. e4 e5 2. Nf3 Nc6 3. Bc4 Bc5 4. d3 d6 5. c3 Nf6 6. Bg5 h6 7. Bh4 Bg4 8. Nbd2
O-O 9. O-O a6 10. b4 Ba7 11. Nb3 Re8 12. Re1 g5 13. Bg3 Ne7 14. h3 Bh5 15. Bh2
b5 16. Bd5 c6 17. c4 cxd5 18. cxd5 Rc8 19. Qe2 Bxf3 20. gxf3 Qd7 21. Qf1 Rc2
22. Re2 Rxe2 23. Qxe2 Qxh3 24. Rc1 Rc8 25. Rxc8+ Qxc8 26. Qd2 Nh5 27. d4 f6 28.
dxe5 fxe5 29. Na5 Bb6 30. Bxe5 Qd7 31. Bh2 Bxa5 32. bxa5 Ng6 33. Qc3 Ne7 34.
Qd4 Nc8 35. e5 dxe5 36. Qxe5 Kh7 37. Qe4+ Kg7 38. Be5+ Nf6 39. Qd4 Qd8 40. d6
Kf7 41. d7 Qxd7 42. Bxf6 Qxd4 43. Bxd4 Nd6 44. f4 gxf4 45. Be5 Nc4 46. Bxf4
Nxa5 47. Bxh6 Nc4 48. Bc1 a5 49. Kg2 a4 50. a3 Ke6 51. f4 Kf5 52. Kf3 Nb6 53.
Ke3 1/2-1/2

[Event "ODJM B 2015"]
[Site "Willingen GER"]
[Date "2015.05.26"]
[Round "5"]
[White "Zimmer, Luca"]
[Black "Lilienthal, Niels Bennett"]
[Result "1/2-1/2"]
[Termination "normal"]
[Board "12"]
[WhiteElo "1496"]
[BlackElo "1246"]
[PlyCount "42"]
[WhiteFideId "12921424"]
[BlackFideId "16205421"]
[EventCountry "GER"]
[EventRounds "9"]
[EventType "swiss"]
[EventDate "2015.05.23"]

1. e4 e5 2. Nf3 Nc6 3. Bc4 Bc5 4. O-O Nf6 5. d4 Bxd4 6. Nxd4 Nxd4 7. f4 Nc6 8.
Bxf7+ Kxf7 9. fxe5 Nxe5 10. Qd5+ Ke8 11. Qxe5+ Qe7 12. Qxc7 Qxe4 13. Nc3 Qc6
14. Bf4 Qxc7 15. Bxc7 b6 16. Rae1+ Kf7 17. Nd5 Bb7 18. Re7+ Kg6 19. Nxf6 gxf6
20. Rxd7 Rhe8 21. Rd6 Rf8 1/2-1/2

[Event "ODJM B 2015"]
[Site "Willingen GER"]
[Date "2015.05.26"]
[Round "5"]
[White "Tham, Nam"]
[Black "Pahl, Theis"]
[Result "1-0"]
[Termination "normal"]
[Board "13"]
[WhiteElo "1547"]
[BlackElo "1570"]
[PlyCount "49"]
[WhiteFideId "12997331"]
[BlackFideId "16201264"]
[EventCountry "GER"]
[EventRounds "9"]
[EventType "swiss"]
[EventDate "2015.05.23"]

1. e4 c5 2. Nf3 Nc6 3. Bc4 e6 4. O-O d5 5. exd5 exd5 6. Re1+ Be7 7. Bb5 Bd7 8.
Bxc6 Bxc6 9. d4 cxd4 10. Nxd4 Kf8 11. Nc3 Nf6 12. Qf3 h6 13. Be3 g6 14. Rad1
Kg7 15. Qg3 Qd7 16. h3 Bd6 17. Qf3 Rhe8 18. Bxh6+ Kxh6 19. Qxf6 Kh7 20. b3 Bb4
21. Nxc6 bxc6 22. Qh4+ Kg7 23. Qxb4 Rxe1+ 24. Rxe1 a5 25. Qc5 1-0